| 000 | 00612nam a2200205Ia 4500 | ||
|---|---|---|---|
| 003 | GCL | ||
| 008 | 140319s9999 xx 000 0 ara d | ||
| 040 |
_aGCL / _cGCL |
||
| 082 | 0 | 4 |
_aم _b413 _bز م |
| 100 | 1 | _aزين كامل الخويسكى | |
| 245 | 1 | 0 |
_aمعجم الالوان فى اللغة والادب والعلم / _cزين كامل الخويسكى |
| 260 |
_a[S.N] : _bمكتبة لبنان ، _c1992 |
||
| 300 | _a204 | ||
| 650 | 0 | 4 | _aالعلم |
| 650 | 0 | 4 | _aالادب |
| 650 | 0 | 4 | _aاللغة العربية |
| 650 | 0 | 4 | _aالمعاجم |
| 650 | 0 | 4 | _aالالوان |
| 942 |
_2ddc _cREF |
||
| 999 |
_c59552 _d59552 |
||